Impact of value-added tax on the capital structure and profitability of Premier Breweries Plc, Nigeria (Record no. 35542)

000 -LEADER
fixed length control field 00459pab a2200169 454500
008 - FIXED-LENGTH DATA ELEMENTS--GENERAL INFORMATION
fixed length control field 180718b1997 xxu||||| |||| 00| 0 eng d
100 ## - MAIN ENTRY--PERSONAL NAME
Personal name Arene, C.J.
245 ## - TITLE STATEMENT
Title Impact of value-added tax on the capital structure and profitability of Premier Breweries Plc, Nigeria
260 ## - PUBLICATION, DISTRIBUTION, ETC.
Date of publication, distribution, etc. 1997
300 ## - PHYSICAL DESCRIPTION
Extent p.71-77
362 ## - DATES OF PUBLICATION AND/OR SEQUENTIAL DESIGNATION
Dates of publication and/or sequential designation Jul-Sep
650 ## - SUBJECT ADDED ENTRY--TOPICAL TERM
Topical term or geographic name entry element Taxation - Nigeria
650 ## - SUBJECT ADDED ENTRY--TOPICAL TERM
Topical term or geographic name entry element Taxation
700 ## - ADDED ENTRY--PERSONAL NAME
Personal name Ndomadu, S.O.
773 ## - HOST ITEM ENTRY
Main entry heading Vikalpa
909 ## -
-- 35542
Holdings
Withdrawn status Lost status Damaged status Not for loan Permanent Location Current Location Date acquired Serial Enumeration / chronology Barcode Date last seen Price effective from Koha item type
        Indian Institute of Public Administration Indian Institute of Public Administration 2018-07-19 Volume no: 22, Issue no: 3 AR35799 2018-07-19 2018-07-19 Articles

Powered by Koha